| 000 | 01329nam a2200301 a 4500 | ||
|---|---|---|---|
| 001 | BRCA_2980 | ||
| 005 | 20190320204044.0 | ||
| 008 | 221208s1950----gw-#---###---#000-0#ger-u | ||
| 041 | _ager | ||
| 044 | _agw | ||
| 084 |
_a304 _b.D488 _c1950 |
||
| 100 | 1 |
_aCervantes Saavedra, Miguel de _d1547-1616 _9213 |
|
| 245 | 1 | 0 |
_aLeben und Tathen des scharfsinnigen Ritters Don Quixote de la Mancha _cMiguel de Cervantes Saavedra. |
| 260 |
_aBerlín _bDeutsche Buchgemeinschaft _c[1950] |
||
| 300 |
_a792 p. _c20 cm. |
||
| 500 | _aContenido : Nota preliminar. Prólogo del autor. Texto abreviado de ambas partes. Epílogo del traductor | ||
| 500 | _aEdición : Unter Zugrundelegung der Tieck´schen. Übersetzung durchgesehen von Edmund Th. Kauer | ||
| 500 | _aEdición abreviada y revisada por Th. Kauer y basada en la traducción de Tieck. Semipiel; lomera decorada con filetes dorados Lúdovik Osterc | ||
| 546 | _aTexto en : alemán | ||
| 650 | 1 | 4 |
_aNovela española _yÉpoca clásica, 1500-1700 _9215 |
| 650 | 1 | 4 |
_aLiteratura española _yÉpoca clásica, 1500-1700 _9216 |
| 650 | 1 | 4 |
_aNovela española _ySiglo XVII _9217 |
| 650 | 1 | 4 |
_aDon Quijote (Personaje ficticio) _eNovela _9218 |
| 700 | 1 |
_aKauer, Edmund Th. _eTraductor _98259 |
|
| 740 | 0 | _aEl Ingenioso Hidalgo Don Quijote de la Mancha | |
| 902 | _aQFM | ||
| 942 |
_2lcc _cB |
||
| 999 |
_c2719 _d2719 |
||